000 02439cam a22006254i 4500
003 PE-LiUPU
005 20250731170448.0
008 150706s2007 sp rb 000 0 spa d
020 _a0814472583
020 _a9780814472583
035 _a(Sirsi) i9780814472583
040 _aPE-LiUPU
_bspa
_cPE-LiUPU
_dPE-LiUPU
_erda
049 _aPRUA
082 0 4 _a153.852
_bM88
_221
100 1 _aMortensen, Kurt W.,
_eautor.
245 1 3 _aEl arte de influir en los demás :
_bdominando las 12 leyes universales de la persuasión /
_cKurt W. Mortensen.
250 _aSegunda edición.
264 1 _aBarcelona :
_bGestión,
_c2007.
300 _a278 páginas ;
_c23 centímetros
336 _atext
_2rdacontent
337 _aunmediated
_2rdamedia
338 _avolume
_2rdacarrier
504 _aIncluye notas bibliográficas.
505 0 _aEl poder de la persuasión -- Las doce leyes universales para dominar la persuasión -- La ley de la disonancia -- La ley de la obligación -- La ley de la conectividad -- La ley de la validación social -- La ley de la escasez -- La ley del envoltorio verbal -- La ley del contraste -- La ley de las expectativas -- La ley de la implicación -- La ley de la valoración -- La ley de la asociación -- La ley del equilibrio -- La lista previa a la persuasión.
526 _aSEG68
526 _aSEG70
526 _aSEG69
526 _aSEG67
526 _aSEG43
526 _aP144
526 _aP143
526 _aP131
526 _aP122
526 _aP120
526 _aP117
526 _aP112
526 _aP110
526 _aP106
526 _aP101
526 _aP80
526 _aP59
526 _aP54
526 _aP35
526 _aP33
526 _aP30
541 _g001-0031012;
650 1 7 _aInfluencia (Psicología)
_2embne
650 1 7 _aPersuación (Psicología)
_2embne
910 _agl
_cjvm
_d20100226
942 _2ddc
_cBOOK
949 _aPGL 153.852 M88
_wDEWEY
_c1
_i61137
_d2016-10-30
_e2016-10-26
_lCCODEBUL1
_mBUL
_n3
_p61.00
_r0
_sY
_tBOOK
_u2015-7-6
_xSALUD
_PP85
_0COMPRA
_o.STAFF. Colección Ciencias de la Salud
994 _aC0
_bPEPRU
596 _a1
999 _aPGL 153.852 M88
_wDEWEY
_c50433
_i61137
_d50433
_e2016-10-26
_f2021-11-3
_g5
_lCCODEBUL1
_mBUL
_n3
_p61.00
_q2
_r0
_sY
_tBOOK
_u2015-7-6
_xSALUD
_zUNKNOWN
_0COMPRA
_o.STAFF. Colección Ciencias de la Salud
980 _81
_gALBERTO SANCHEZ Responsable de Automatización